Notebook pro seniory : aktualizované vydání pro Windows 10 /
Uživatelská příručka přizpůsobená specifickým potřebám seniorů srozumitelně objasňuje základy práce s přenosnými počítači. Je zaměřená na operační systém Windows 10.
Uloženo v:
| Hlavní autor: | |
|---|---|
| Médium: | E-kniha |
| Jazyk: | Czech |
| Vydáno: |
Brno :
Computer Press,
2020
|
| Témata: | |
| Tagy: |
Žádné tagy |
| LEADER | 02096nam a2200469 i 4500 | ||
|---|---|---|---|
| 001 | 311132 | ||
| 003 | CZ PrSKC | ||
| 005 | 20260601215700.0 | ||
| 007 | ta | ||
| 008 | 200212s2020 xr ab e f 001 0 cze | ||
| 015 | |a cnb003175149 | ||
| 020 | |a 9788025149959 |q (brožováno) : |c Kč 269,00 | ||
| 035 | |a (OCoLC)1199989619 | ||
| 040 | |a ABA001 |b cze |e rda | ||
| 072 | 7 | |a 004 |x Počítačová věda. Výpočetní technika. Informační technologie |2 Konspekt | |
| 080 | |a 004.382.73 |2 MRF | ||
| 080 | |a 004.38-027.22 |2 MRF | ||
| 080 | |a 004.451.9Windows |2 MRF | ||
| 080 | |a (035) |2 MRF | ||
| 100 | 1 | |a Pecinovský, Josef, |d 1946- |7 jn99240000859 |4 aut | |
| 245 | 1 | 0 | |a Notebook pro seniory : |b aktualizované vydání pro Windows 10 / |c Josef Pecinovský |
| 264 | 1 | |a Brno : |b Computer Press, |c 2020 | |
| 300 | |a 232 stran : |b ilustrace, mapy ; |c 23 cm | ||
| 336 | |a text |b txt |2 rdacontent | ||
| 337 | |a bez média |b n |2 rdamedia | ||
| 338 | |a svazek |b nc |2 rdacarrier | ||
| 500 | |a Obsahuje rejstřík | ||
| 520 | 2 | |a Uživatelská příručka přizpůsobená specifickým potřebám seniorů srozumitelně objasňuje základy práce s přenosnými počítači. Je zaměřená na operační systém Windows 10. | |
| 650 | 0 | 7 | |a notebooky |7 ph115462 |2 czenas |
| 650 | 0 | 7 | |a práce s počítačem |7 ph115909 |2 czenas |
| 650 | 0 | 7 | |a Microsoft Windows 10 (operační systém) |7 ph891872 |2 czenas |
| 650 | 0 | 9 | |a laptop computers |2 eczenas |
| 650 | 0 | 9 | |a using personal computers |2 eczenas |
| 650 | 0 | 9 | |a Microsoft Windows 10 (operating system) |2 eczenas |
| 655 | 7 | |a příručky |7 fd133209 |2 czenas | |
| 655 | 9 | |a handbooks and manuals |2 eczenas | |
| 900 | |a ABA001 |b 19 | ||
| 928 | 9 | |a Albatros Media - Computer Press | |
| 044 | |a xr | ||
| 910 | |a RBIT002 | ||
| 998 | |d 203409 |a https://core.palmknihy.cz/api/books/203409/cover?t2ud9d |b https://core.palmknihy.cz/api/books/203409/cover/400?t2ud9d |c https://core.palmknihy.cz/api/books/203409/cover/50?t2ud9d |e 2029-12-31 |g 232 |i 9788025149959 |k https://core.palmknihy.cz/api/books/203409/preview.pdf |l |q 49 |r 1 |s https://www.palmknihy.cz/kniha/203409 |t ebook |y 2020 |z 0 | ||
| 999 | |d 311130 | ||